| 000 | 00000nam##2200000za#4500 |
| 001 | 9.625326 |
| 003 | CaOODSP |
| 005 | 20200706134924 |
| 007 | ta |
| 008 | 150406|2000||||xxc||||| f|0| 0 fre|d |
| 020 | |a0-660-96369-8 |
| 022 | |a1200-5231 |
| 040 | |aCaOODSP|bfre |
| 043 | |an-cn--- |
| 086 | 1 |aCS11-0019/151F |
| 245 | 00|aLes multinationales et le processus d'innovation au Canada / |cpar John Baldwin et Petr Hanel. |
| 260 | |aOttawa - Ontario : |bStatistique Canada. |c2000. |
| 300 | |avii, 84p. : |bgraphiques, tableaux ; |c28 cm. |
| 490 | 1 |aDocuments de recherche|x1200-5231|vN° 151 |
| 500 | |a«Le présent document vise à établir si la nouvelle tendance perçue de décentralisation des activités de R-D à l'étranger pour exploiter les compétences locales cadre avec les activités des multinationales au Canada. Le régime d'innovation des multinationales au Canada est examiné de manière à faire ressortir les différences entre les société étrangères et canadiennes.»--Résumé. |
| 504 | |aBibliographie. |
| 520 | 3 |aLe présent document vise à établir si la nouvelle tendance perçue de décentralisation des activités de R-D à l'étranger pour exploiter les compétences locales cadre avec les activités des multinationales au Canada. Le régime d'innovation des multinationales au Canada est examiné de manière à faire ressortir les différences entre les société étrangères et canadiennes.--Résumé |
| 563 | |aCouverture souple |
| 590 | |a00-27|b2000-07-07 |
| 710 | 2 |aStatistique Canada. |bDirection des études analytiques. |
| 720 | 1 |aBaldwin, John |
| 720 | 1 |aHanel, Petr |
| 775 | 08|tMultinationals and the Canadian innovation process / |w(CaOODSP)9.615202 |
| 776 | 0#|tLes multinationales et le processus d'innovation au Canada / |w(CaOODSP)9.604412 |
| 830 | #0|aDocuments de recherche,|x1200-5231|vN° 151|w(CaOODSP)9.512877 |